000 nam a22 7a 4500
999 _c8712
_d8712
008 180119b ||||| |||| 00| 0 eng d
100 _aGoyal
_95065
245 _aMy First Atlas
260 _aNew Delhi
_bGoyal
_c2009